[Event "Oebro Nytaar 2016"]
[Site "Copenhagen"]
[Date "2016.12.28"]
[Round "3.7"]
[White "Olsen, Peter Erik"]
[Black "Thybo, Thomas Sondergaard"]
[Result "1-0"]
[WhiteElo "2228"]
[BlackElo "1820"]
[PlyCount "79"]
[EventDate "2016.12.??"]
[EventType "swiss"]
[EventRounds "7"]
[EventCountry "DEN"]
[WhiteClock "0:01:40"]
[BlackClock "0:04:12"]

1. d4 Nf6 2. Bg5 c5 3. Bxf6 gxf6 4. d5 f5 5. c3 d6 6. e3 Nd7 7. Ne2 Nf6 8. Nf4
Bd7 9. Nd2 e5 10. dxe6 fxe6 11. Be2 e5 12. Nh5 Bc6 13. Nc4 Qe7 14. Nxd6+ Qxd6
15. Qxd6 Bxd6 16. Nxf6+ Ke7 17. O-O-O Bc7 18. Nd5+ Bxd5 19. Rxd5 b6 20. Bc4
Rad8 21. g3 h5 22. h4 Rh6 23. Rxd8 Kxd8 24. Bd3 Rf6 25. Be2 Rh6 26. Bf3 Ke7 27.
a4 a5 28. Kd2 Kf6 29. Kc2 f4 30. e4 fxg3 31. fxg3 Kg7 32. Rd1 Rf6 33. Bxh5 Kh6
34. Be8 Rf3 35. g4 Rf4 36. Bd7 Rxe4 37. Bf5 Re2+ 38. Kb1 Rh2 39. Rd7 Rxh4 40.
Rxc7 1-0

[Event "Oebro Nytaar 2016"]
[Site "Copenhagen"]
[Date "2016.12.28"]
[Round "3.8"]
[White "Nielsen, Jan Mose"]
[Black "Murtuzov, Rauf Mubariz"]
[Result "1/2-1/2"]
[WhiteElo "2061"]
[BlackElo "2180"]
[PlyCount "67"]
[EventDate "2016.12.??"]
[EventType "swiss"]
[EventRounds "7"]
[EventCountry "DEN"]
[WhiteClock "0:02:22"]
[BlackClock "0:01:39"]

1. d4 Nf6 2. c4 g6 3. Nc3 Bg7 4. e4 d6 5. f3 O-O 6. Be3 Nc6 7. Nge2 e5 8. d5
Ne7 9. Qd2 a6 10. g4 Rb8 11. Ng3 Ne8 12. Rg1 Bd7 13. a4 c6 14. Bd3 b5 15. dxc6
Nxc6 16. cxb5 Nd4 17. Bxd4 exd4 18. Nd5 axb5 19. a5 Nc7 20. Nxc7 Qxc7 21. Nh5
d5 22. Nxg7 Kxg7 23. exd5 Qe5+ 24. Be4 Rbc8 25. Rg2 f5 26. gxf5 Bxf5 27. Re2
Kg8 28. Qd3 Qf4 29. Rd1 Qh4+ 30. Kd2 Qg5+ 31. Ke1 Qg1+ 32. Kd2 Qg5+ 33. Ke1
Qg1+ 34. Kd2 1/2-1/2

[Event "Oebro Nytaar 2016"]
[Site "Copenhagen"]
[Date "2016.12.28"]
[Round "3.9"]
[White "Moe, Mogens"]
[Black "Frank Nielsen, Marie"]
[Result "1-0"]
[WhiteElo "2151"]
[BlackElo "1969"]
[PlyCount "139"]
[EventDate "2016.12.??"]
[EventType "swiss"]
[EventRounds "7"]
[EventCountry "DEN"]
[WhiteClock "0:11:12"]
[BlackClock "0:02:50"]

1. e4 c5 2. Nf3 e6 3. d4 cxd4 4. Nxd4 a6 5. c4 Qc7 6. Be3 Nf6 7. Bd3 d6 8. O-O
Nbd7 9. Nd2 Ne5 10. Be2 h5 11. h3 Nc6 12. Rc1 Bd7 13. a3 h4 14. b4 Rc8 15. f4
Nxd4 16. Bxd4 e5 17. Be3 Be7 18. f5 Qb8 19. Bb6 Bc6 20. Bf3 Nd7 21. Bf2 b5 22.
Qb3 O-O 23. Rfd1 Bg5 24. cxb5 axb5 25. Be3 Bf4 26. Bf2 Bg5 27. Qd3 Nb6 28. Ra1
Na4 29. Rdb1 Ba8 30. Rb3 Rc6 31. Be3 Bf6 32. Be2 Rb6 33. Bxb6 Qxb6+ 34. Qe3 Qa6
35. Rc1 d5 36. exd5 Bxd5 37. Rd3 Ba8 38. Ne4 Bxe4 39. Qxe4 Qb6+ 40. Kf1 Qb8 41.
Bf3 Bg5 42. Rc2 Nb6 43. Qb7 Nc4 44. Qxb8 Rxb8 45. Rxc4 bxc4 46. Rc3 Rc8 47. Be2
g6 48. fxg6 fxg6 49. Rxc4 Ra8 50. Rc3 e4 51. Bc4+ Kg7 52. Bd5 Rf8+ 53. Ke2 e3
54. Bf3 Rd8 55. Rc2 Bf4 56. a4 Rd4 57. Rb2 Bd6 58. Kxe3 Rxb4 59. Rxb4 Bxb4 60.
Kd4 Kf6 61. Kc4 Be1 62. Kb5 Kf5 63. a5 Kf4 64. a6 Bf2 65. Kc6 g5 66. Kb7 Kg3
67. a7 Bxa7 68. Kxa7 g4 69. hxg4 h3 70. gxh3 1-0

[Event "Oebro Nytaar 2016"]
[Site "Copenhagen"]
[Date "2016.12.28"]
[Round "4.1"]
[White "Hector, Jonny"]
[Black "Jacobsen, Mikkel Manosri"]
[Result "1-0"]
[WhiteElo "2488"]
[BlackElo "2264"]
[PlyCount "61"]
[EventDate "2016.12.??"]
[EventType "swiss"]
[EventRounds "7"]
[EventCountry "DEN"]
[WhiteClock "1:03:22"]
[BlackClock "1:00:07"]

1. e4 c6 2. d4 d5 3. Nd2 dxe4 4. Nxe4 Bf5 5. Ng3 Bg6 6. Nh3 e6 7. Nf4 Qh4 8.
Nge2 Bd6 9. g3 Qe7 10. Bg2 Nd7 11. O-O Ngf6 12. c4 O-O 13. Re1 Rfe8 14. Nc3 Bf5
15. c5 Bc7 16. b4 Rad8 17. d5 Bxf4 18. Bxf4 Nxd5 19. Bxd5 Nxc5 20. bxc5 Qxc5
21. Qf3 exd5 22. Bc7 Rc8 23. Qxf5 Qxc3 24. Be5 Qa3 25. Re3 Qf8 26. Rae1 Re6 27.
Bd4 Rxe3 28. Rxe3 c5 29. Be5 Rc6 30. Qd7 d4 31. Bxd4 1-0

[Event "Oebro Nytaar 2016"]
[Site "Copenhagen"]
[Date "2016.12.28"]
[Round "4.2"]
[White "Seegert, Kristian"]
[Black "Korley, Kassa"]
[Result "0-1"]
[WhiteElo "2255"]
[BlackElo "2377"]
[PlyCount "76"]
[EventDate "2016.12.??"]
[EventType "swiss"]
[EventRounds "7"]
[EventCountry "DEN"]
[WhiteClock "0:01:27"]
[BlackClock "0:04:05"]

1. e4 c6 2. d4 d5 3. e5 Bf5 4. Nf3 e6 5. Be2 Nd7 6. O-O Ne7 7. Nbd2 Ng6 8. Nb3
h5 9. Bg5 f6 10. Nh4 fxg5 11. Nxf5 exf5 12. Bxh5 Kf7 13. Qf3 Rxh5 14. Qxh5 Qe8
15. f4 Ke6 16. g4 Ne7 17. fxg5 Qxh5 18. gxh5 c5 19. c3 Nc6 20. Rad1 Be7 21. h4
Rh8 22. Kg2 Rxh5 23. Kg3 cxd4 24. cxd4 Nf8 25. Nc1 Ng6 26. Rh1 Bd8 27. Ne2 Bb6
28. Rh2 Kd7 29. Rhh1 Ke6 30. Rd2 Na5 31. Rd3 Nc4 32. b3 Na5 33. a3 Nc6 34. b4
a6 35. Rh2 Bd8 36. Nc3 Bc7 37. Na4 Nxd4 38. Nc5+ Ke7 0-1

[Event "Oebro Nytaar 2016"]
[Site "Copenhagen"]
[Date "2016.12.28"]
[Round "4.3"]
[White "Rostgaard, Tobias Valentin"]
[Black "Thuesen, Mogens Henrik"]
[Result "0-1"]
[WhiteElo "2338"]
[BlackElo "2212"]
[PlyCount "53"]
[EventDate "2016.12.??"]
[EventType "swiss"]
[EventRounds "7"]
[EventCountry "DEN"]
[WhiteClock "0:37:36"]
[BlackClock "0:11:51"]

1. e4 e6 2. d4 d5 3. Nd2 Nf6 4. e5 Nfd7 5. Ngf3 c5 6. c3 b6 7. h4 Be7 8. h5 Ba6
9. Rh3 b5 10. Rg3 g6 11. Bd3 b4 12. Bc2 bxc3 13. bxc3 cxd4 14. Nxd4 Qc7 15.
N2b3 Nxe5 16. Bh6 Bf6 17. a4 Nbd7 18. Nb5 Bxb5 19. axb5 Nc5 20. Nd4 Nc4 21. Kf1
Qe5 22. Nc6 Qxh5 23. Qxh5 gxh5 24. Bg7 Bxg7 25. Rxg7 a5 26. bxa6 Rxa6 27. Rb1
0-1

[Event "Oebro Nytaar 2016"]
[Site "Copenhagen"]
[Date "2016.12.28"]
[Round "4.4"]
[White "Moe, Mogens"]
[Black "Olsen, Peter Erik"]
[Result "1/2-1/2"]
[WhiteElo "2151"]
[BlackElo "2228"]
[PlyCount "88"]
[EventDate "2016.12.??"]
[EventType "swiss"]
[EventRounds "7"]
[EventCountry "DEN"]
[WhiteClock "0:29:23"]
[BlackClock "0:31:08"]

1. e4 c6 2. d4 d5 3. exd5 cxd5 4. c4 Nf6 5. Nc3 Nc6 6. Bg5 dxc4 7. Bxc4 Nxd4 8.
Nf3 Nxf3+ 9. Qxf3 a6 10. O-O e6 11. Rfd1 Bd7 12. Bxf6 gxf6 13. Qxb7 Rb8 14.
Qxa6 Qb6 15. Qxb6 Rxb6 16. Rab1 Bc6 17. a4 Rg8 18. g3 Bb4 19. Bb5 Ke7 20. Rd4
Bd6 21. Rc4 Ba8 22. b4 f5 23. Kf1 f4 24. a5 Rbb8 25. Ba6 fxg3 26. fxg3 f5 27.
b5 f4 28. gxf4 Rbf8 29. b6 Bd5 30. Nxd5+ exd5 31. Re1+ Kd7 32. Bb5+ Kd8 33. Rd4
Kc8 34. a6 Bxf4 35. Ke2 Rg2+ 36. Kd3 Bxh2 37. Rxd5 Bg1 38. Rc1+ Kb8 39. Rxg1
Rxg1 40. Bc6 Rd1+ 41. Kc2 Ra1 42. a7+ Rxa7 43. bxa7+ Kxa7 44. Rh5 Rc8 1/2-1/2

[Event "Oebro Nytaar 2016"]
[Site "Copenhagen"]
[Date "2016.12.28"]
[Round "4.5"]
[White "Nielsen, Viktor"]
[Black "Andersen, Soren Mikkel"]
[Result "1/2-1/2"]
[WhiteElo "2227"]
[BlackElo "2067"]
[PlyCount "43"]
[EventDate "2016.12.??"]
[EventType "swiss"]
[EventRounds "7"]
[EventCountry "DEN"]
[WhiteClock "1:17:16"]
[BlackClock "1:32:20"]

1. Nf3 d5 2. d4 Nf6 3. Bf4 c5 4. e3 Nc6 5. c3 Qb6 6. Qb3 c4 7. Qc2 Bf5 8. Qc1
e6 9. h3 h6 10. Nbd2 Be7 11. Be2 O-O 12. O-O Rfc8 13. Bd1 Qd8 14. Bc2 Bxc2 15.
Qxc2 b5 16. Rfe1 a5 17. e4 dxe4 18. Nxe4 Nd5 19. Bh2 b4 20. Ne5 Nxe5 21. dxe5
a4 22. cxb4 1/2-1/2

[Event "Oebro Nytaar 2016"]
[Site "Copenhagen"]
[Date "2016.12.28"]
[Round "4.6"]
[White "Haubro, Martin"]
[Black "Nielsen, Morten Majlund"]
[Result "1-0"]
[WhiteElo "2353"]
[BlackElo "2032"]
[PlyCount "55"]
[EventDate "2016.12.??"]
[EventType "swiss"]
[EventRounds "7"]
[EventCountry "DEN"]
[WhiteClock "0:50:24"]
[BlackClock "0:16:57"]

1. e4 e5 2. Nf3 Nc6 3. Bb5 Nf6 4. d3 Bc5 5. O-O d6 6. c3 O-O 7. Nbd2 a6 8. Ba4
b5 9. Bc2 Bb7 10. Re1 Bb6 11. Nf1 Ng4 12. d4 exd4 13. cxd4 Nb4 14. Bb1 c5 15.
Bg5 f6 16. Bd2 Nc6 17. h3 Nh6 18. Bxh6 gxh6 19. d5 Ne5 20. Nh4 Kh8 21. Qh5 Rg8
22. f4 c4+ 23. Kh1 Ng6 24. Nxg6+ Rxg6 25. Nh2 Qg8 26. Re2 Re8 27. Bc2 Bxd5 28.
exd5 1-0

[Event "Oebro Nytaar 2016"]
[Site "Copenhagen"]
[Date "2016.12.28"]
[Round "4.7"]
[White "Nilssen, John Arni"]
[Black "Petersen, Nils"]
[Result "1-0"]
[WhiteElo "2311"]
[BlackElo "2018"]
[PlyCount "55"]
[EventDate "2016.12.??"]
[EventType "swiss"]
[EventRounds "7"]
[EventCountry "DEN"]
[WhiteClock "1:05:09"]
[BlackClock "1:07:24"]

1. d4 Nf6 2. c4 e6 3. Nc3 Bb4 4. Qc2 c5 5. dxc5 Na6 6. a3 Bxc3+ 7. Qxc3 Nxc5 8.
b4 Nce4 9. Qc2 b6 10. f3 Nd6 11. e4 Nb7 12. Bd3 d6 13. Ne2 O-O 14. O-O Qc7 15.
Bb2 e5 16. f4 Nd8 17. Nc3 Bb7 18. Nb5 Qc6 19. Nxd6 Nd7 20. fxe5 Ne6 21. Rad1
Rad8 22. Nf5 Rde8 23. Qf2 g6 24. Nd6 Re7 25. Qh4 g5 26. Qh6 Kh8 27. Rf6 Kg8 28.
Nf5 1-0

[Event "Oebro Nytaar 2016"]
[Site "Copenhagen"]
[Date "2016.12.28"]
[Round "4.9"]
[White "Lauridsen, Jesper Morch"]
[Black "Berg, Arthur"]
[Result "1-0"]
[WhiteElo "2247"]
[BlackElo "1983"]
[PlyCount "45"]
[EventDate "2016.12.??"]
[EventType "swiss"]
[EventRounds "7"]
[EventCountry "DEN"]
[WhiteClock "1:17:35"]
[BlackClock "0:51:50"]

1. e4 e6 2. d3 d5 3. Nd2 Nf6 4. Ngf3 c5 5. g3 g6 6. Bg2 Bg7 7. O-O O-O 8. Re1
Nc6 9. c3 Re8 10. a4 a5 11. exd5 Nxd5 12. Nc4 Qc7 13. Ng5 Nf6 14. Bf4 e5 15.
Bxc6 Qxc6 16. Nxe5 Rxe5 17. Bxe5 Bf5 18. Qb3 Rf8 19. Bxf6 Bxf6 20. Ne4 Be7 21.
Qb5 Qc7 22. d4 cxd4 23. cxd4 1-0

[Event "Oebro Nytaar 2016"]
[Site "Copenhagen"]
[Date "2016.12.28"]
[Round "4.10"]
[White "Murtuzov, Rauf Mubariz"]
[Black "Singh, Karamtej"]
[Result "1-0"]
[WhiteElo "2180"]
[BlackElo "1876"]
[PlyCount "49"]
[EventDate "2016.12.??"]
[EventType "swiss"]
[EventRounds "7"]
[EventCountry "DEN"]
[WhiteClock "0:36:38"]
[BlackClock "0:14:45"]

1. e4 c5 2. d4 cxd4 3. c3 dxc3 4. Nxc3 Nc6 5. Nf3 e6 6. Bc4 d6 7. O-O Nf6 8.
Qe2 Bd7 9. Rd1 Be7 10. Bf4 e5 11. Bg5 O-O 12. Bxf6 Bxf6 13. Rxd6 Nd4 14. Nxd4
exd4 15. e5 dxc3 16. exf6 Qc7 17. Rad1 Bf5 18. bxc3 Rac8 19. R1d4 Rfe8 20. Qd2
b5 21. Bxb5 Rf8 22. fxg7 Kxg7 23. Bd7 Bxd7 24. Qg5+ Kh8 25. Qf6+ 1-0

[Event "Oebro Nytaar 2016"]
[Site "Copenhagen"]
[Date "2016.12.29"]
[Round "5.1"]
[White "Thuesen, Mogens Henrik"]
[Black "Hector, Jonny"]
[Result "0-1"]
[WhiteElo "2212"]
[BlackElo "2488"]
[PlyCount "34"]
[EventDate "2016.12.??"]
[EventType "swiss"]
[EventRounds "7"]
[EventCountry "DEN"]
[WhiteClock "0:56:04"]
[BlackClock "1:24:49"]

1. d4 d5 2. c4 c6 3. Nf3 Nf6 4. Qc2 g6 5. Bf4 Bg7 6. cxd5 cxd5 7. e3 Nc6 8. Bb5
O-O 9. Bxc6 Bf5 10. Qa4 bxc6 11. O-O Qb6 12. Qa3 Nh5 13. Nc3 Nxf4 14. exf4 Rab8
15. Qxe7 Rfe8 16. Qh4 Qxb2 17. Rac1 Bc2 0-1

[Event "Oebro Nytaar 2016"]
[Site "Copenhagen"]
[Date "2016.12.29"]
[Round "5.2"]
[White "Korley, Kassa"]
[Black "Haubro, Martin"]
[Result "1-0"]
[WhiteElo "2377"]
[BlackElo "2353"]
[PlyCount "71"]
[EventDate "2016.12.??"]
[EventType "swiss"]
[EventRounds "7"]
[EventCountry "DEN"]
[WhiteClock "0:06:24"]
[BlackClock "0:07:40"]

1. d4 Nf6 2. Nf3 e6 3. c4 b6 4. g3 Bb7 5. Bg2 Be7 6. O-O O-O 7. Nc3 Ne4 8. Bd2
Bf6 9. Ne5 Nxc3 10. Bxc3 Bxg2 11. Kxg2 d5 12. Ng4 Be7 13. Qd3 dxc4 14. Qxc4
Qd5+ 15. Qxd5 exd5 16. Ne3 c6 17. Nf5 Re8 18. Nxe7+ Rxe7 19. e3 Nd7 20. a4 Re6
21. a5 b5 22. a6 Kf8 23. Bb4+ Ke8 24. g4 Kd8 25. Rfc1 Kc7 26. Ba5+ Kd6 27. Bb4+
Kc7 28. h3 Kb6 29. e4 Nf6 30. e5 Nd7 31. f4 Rc8 32. f5 Ree8 33. Rc2 c5 34.
Bxc5+ Nxc5 35. Rac1 Kxa6 36. Rxc5 1-0

[Event "Oebro Nytaar 2016"]
[Site "Copenhagen"]
[Date "2016.12.29"]
[Round "5.3"]
[White "Nielsen, Viktor"]
[Black "Nilssen, John Arni"]
[Result "0-1"]
[WhiteElo "2227"]
[BlackElo "2311"]
[PlyCount "110"]
[EventDate "2016.12.??"]
[EventType "swiss"]
[EventRounds "7"]
[EventCountry "DEN"]
[WhiteClock "0:08:56"]
[BlackClock "0:17:03"]

1. e4 c5 2. Nf3 Nc6 3. d4 cxd4 4. Nxd4 e5 5. Nb5 d6 6. c4 Be7 7. N1c3 a6 8. Na3
Be6 9. Be2 Rc8 10. Be3 Bg5 11. Nc2 Bxe3 12. Nxe3 Nd4 13. Rc1 Nf6 14. O-O O-O
15. Qd2 b5 16. cxb5 axb5 17. Bd3 Qa5 18. b3 Rc5 19. Qb2 Qb4 20. Ne2 Rfc8 21.
Rcd1 h6 22. Nxd4 Qxd4 23. Qxd4 exd4 24. Nf5 Bxf5 25. exf5 Nd5 26. Rfe1 Nc3 27.
Rd2 Re5 28. Kf1 Rce8 29. Rc1 b4 30. Bb1 Ne2 31. Rcd1 Nc3 32. Rc1 Rd5 33. Bd3
Ra8 34. g3 Rc5 35. Bb1 Ne4 36. Rdd1 Rxc1 37. Rxc1 Nc3 38. Kg2 Kf8 39. Re1 Re8
40. Rxe8+ Kxe8 41. Bd3 Nxa2 42. f4 Nc3 43. g4 f6 44. Kf3 d5 45. Kf2 Ke7 46. Ke1
Ne4 47. Bc2 Kd6 48. Ke2 Nc5 49. Bd1 d3+ 50. Ke3 Ne4 51. Bf3 d2 52. Kd3 d1=Q+
53. Bxd1 Nf2+ 54. Kd2 Nxd1 55. Kxd1 Kc5 0-1

[Event "Oebro Nytaar 2016"]
[Site "Copenhagen"]
[Date "2016.12.29"]
[Round "5.5"]
[White "Reimanis, Ritvars"]
[Black "Thybo, Thomas Sondergaard"]
[Result "1/2-1/2"]
[WhiteElo "2257"]
[BlackElo "1820"]
[PlyCount "144"]
[EventDate "2016.12.??"]
[EventType "swiss"]
[EventRounds "7"]
[EventCountry "DEN"]
[WhiteClock "0:03:19"]
[BlackClock "0:03:16"]

1. d4 Nf6 2. c4 g6 3. f3 Bg7 4. e4 d6 5. Ne2 e5 6. Nbc3 O-O 7. Bg5 c6 8. d5 h6
9. Bh4 a5 10. Nc1 Na6 11. Nd3 Qc7 12. g4 Nb4 13. a3 Nxd3+ 14. Bxd3 Nd7 15. Bc2
Nc5 16. Qe2 f5 17. gxf5 gxf5 18. Rg1 fxe4 19. fxe4 Rf4 20. Bf2 Bd7 21. Be3 Rh4
22. O-O-O Rf8 23. Rg3 Rh3 24. Rdg1 Rxg3 25. Rxg3 Kh8 26. Qh5 Be8 27. Qh3 Rf6
28. Kb1 Qd7 29. Qg2 Qf7 30. Ka2 Rg6 31. Rxg6 Qxg6 32. Qxg6 Bxg6 33. Bxc5 dxc5
34. dxc6 bxc6 35. Kb3 Bf6 36. Ka4 Bd8 37. Bd1 Kg7 38. Bg4 Be8 39. Ne2 Bf7 40.
Kb3 Bg6 41. Nc3 Be8 42. Kc2 h5 43. Bf5 Kf6 44. Kd3 Ke7 45. Ne2 Kd6 46. Nc1 Bg5
47. Nb3 Bd8 48. Nd2 Bg5 49. Nb3 Bd8 50. a4 Bf7 51. Nd2 h4 52. Bg4 Bf6 53. Nb3
Bd8 54. Nd2 Bf6 55. b3 Bg6 56. Nf3 Ke7 57. Ne1 Kd6 58. Ng2 Ke7 59. Ke3 Bg5+ 60.
Kf3 Kd6 61. Ne3 Ke7 62. Nd1 Kd6 63. Nf2 Ke7 64. Nh3 Bf6 65. Nf2 Bg5 66. Nd3 Kd6
67. Nf2 Ke7 68. Nh3 Bf6 69. Ke3 Kd6 70. Kf3 Ke7 71. Bf5 Bh5+ 72. Bg4 Bg6
1/2-1/2

[Event "Oebro Nytaar 2016"]
[Site "Copenhagen"]
[Date "2016.12.29"]
[Round "5.6"]
[White "Kragh, Niels Kristian"]
[Black "Seegert, Kristian"]
[Result "1/2-1/2"]
[WhiteElo "2121"]
[BlackElo "2255"]
[PlyCount "61"]
[EventDate "2016.12.??"]
[EventType "swiss"]
[EventRounds "7"]
[EventCountry "DEN"]
[WhiteClock "0:33:39"]
[BlackClock "0:13:52"]

1. e4 c5 2. Nf3 d6 3. d4 cxd4 4. Nxd4 Nf6 5. Nc3 g6 6. Be3 Bg7 7. f3 O-O 8. Qd2
Nc6 9. Bc4 Bd7 10. O-O-O Rb8 11. Bb3 Na5 12. Kb1 b5 13. g4 Nc4 14. Bxc4 bxc4
15. Ka1 Qb6 16. Rb1 Qa5 17. h4 h5 18. gxh5 Nxh5 19. Rhg1 Rfc8 20. Rg5 Rc5 21.
Nde2 Rxg5 22. hxg5 Qa6 23. Bd4 e5 24. Be3 Be6 25. Nd5 Rb7 26. Nec3 Qa5 27. Qh2
Qd8 28. Rg1 Qb8 29. Bc1 Qd8 30. Be3 Qb8 31. Bc1 1/2-1/2

[Event "Oebro Nytaar 2016"]
[Site "Copenhagen"]
[Date "2016.12.29"]
[Round "5.7"]
[White "Andersen, Soren Mikkel"]
[Black "Lauridsen, Jesper Morch"]
[Result "0-1"]
[WhiteElo "2067"]
[BlackElo "2247"]
[PlyCount "70"]
[EventDate "2016.12.??"]
[EventType "swiss"]
[EventRounds "7"]
[EventCountry "DEN"]
[WhiteClock "0:01:14"]
[BlackClock "0:03:47"]

1. d4 g6 2. c4 Bg7 3. Nc3 Nf6 4. e4 d6 5. Nf3 O-O 6. Be2 Nbd7 7. O-O e5 8. Be3
exd4 9. Nxd4 Re8 10. f3 c6 11. Qd2 d5 12. cxd5 cxd5 13. Ndb5 Ne5 14. Rfd1 a6
15. Na3 Qe7 16. Nxd5 Nxd5 17. Qxd5 Be6 18. Qd6 Qh4 19. Bf2 Qf6 20. Nc2 Nc6 21.
Qa3 Red8 22. Kf1 b5 23. Qc5 Rdc8 24. Nd4 Nxd4 25. Qxd4 Qf4 26. Qd6 Be5 27. g3
Qf6 28. Qd2 Rd8 29. Qa5 Bxb2 30. Rab1 Bc3 31. Rxd8+ Rxd8 32. Qc7 Rd2 33. Be3
Bc4 34. Bxd2 Qxf3+ 35. Kg1 Bd4+ 0-1

[Event "Oebro Nytaar 2016"]
[Site "Copenhagen"]
[Date "2016.12.29"]
[Round "5.8"]
[White "Olsen, Peter Erik"]
[Black "Brondt, Nicolai Kvist"]
[Result "1/2-1/2"]
[WhiteElo "2228"]
[BlackElo "2132"]
[PlyCount "48"]
[EventDate "2016.12.??"]
[EventType "swiss"]
[EventRounds "7"]
[EventCountry "DEN"]
[WhiteClock "0:23:39"]
[BlackClock "0:22:32"]

1. d4 Nf6 2. Bg5 d5 3. Bxf6 exf6 4. e3 c6 5. c4 dxc4 6. Bxc4 Bd6 7. Nc3 O-O 8.
Nge2 Nd7 9. O-O f5 10. Rb1 Qe7 11. a3 Nf6 12. Ng3 g6 13. Qf3 Be6 14. Bxe6 Qxe6
15. Rfd1 Rac8 16. Nge2 Ne4 17. Nf4 Qe7 18. Rd3 Rfe8 19. g3 h5 20. Ng2 Kg7 21.
Rc1 Qd7 22. Qd1 Be7 23. h4 Red8 24. Qf3 Re8 1/2-1/2

[Event "Oebro Nytaar 2016"]
[Site "Copenhagen"]
[Date "2016.12.29"]
[Round "5.9"]
[White "Nielsen, Jan Mose"]
[Black "Moe, Mogens"]
[Result "0-1"]
[WhiteElo "2061"]
[BlackElo "2151"]
[PlyCount "50"]
[EventDate "2016.12.??"]
[EventType "swiss"]
[EventRounds "7"]
[EventCountry "DEN"]
[WhiteClock "0:01:17"]
[BlackClock "1:11:31"]

1. d4 Nf6 2. c4 g6 3. Nf3 Bg7 4. Nc3 d5 5. cxd5 Nxd5 6. e4 Nxc3 7. bxc3 c5 8.
Be2 O-O 9. Rb1 Nc6 10. d5 Bxc3+ 11. Bd2 Bxd2+ 12. Qxd2 Na5 13. h4 Bg4 14. h5
Bxf3 15. gxf3 e5 16. Qh6 g5 17. f4 exf4 18. Bg4 Qe7 19. Bf5 f6 20. Rc1 b6 21.
d6 Qf7 22. d7 Nc6 23. Rg1 Nd4 24. Bg4 Rad8 25. Rd1 Rxd7 0-1

[Event "Oebro Nytaar 2016"]
[Site "Copenhagen"]
[Date "2016.12.30"]
[Round "6.1"]
[White "Hector, Jonny"]
[Black "Korley, Kassa"]
[Result "1-0"]
[WhiteElo "2488"]
[BlackElo "2377"]
[PlyCount "109"]
[EventDate "2016.12.??"]
[EventType "swiss"]
[EventRounds "7"]
[EventCountry "DEN"]
[WhiteClock "0:21:28"]
[BlackClock "0:05:36"]

1. e4 c6 2. d4 d5 3. Nd2 dxe4 4. Nxe4 Nf6 5. Nxf6+ exf6 6. c3 Bf5 7. Bd3 Bxd3
8. Qxd3 Bd6 9. Ne2 O-O 10. Be3 Na6 11. O-O-O Qa5 12. Kb1 Rfe8 13. Ng3 Nc7 14.
Ne4 Bf8 15. h4 Qf5 16. f3 Nd5 17. Bc1 h5 18. Rde1 Re6 19. a3 b5 20. Ka1 Rae8
21. Rhg1 Nf4 22. Qd1 Ng6 23. g4 Qd5 24. gxh5 Qxh5 25. Rg4 a5 26. Reg1 b4 27. c4
bxa3 28. bxa3 a4 29. Qxa4 Qf5 30. Qb3 Ra8 31. c5 Ne7 32. h5 Qd5 33. Qxd5 Nxd5
34. Nd6 Ne3 35. Rxg7+ Bxg7 36. h6 Kh7 37. Rxg7+ Kxh6 38. Nf5+ Kh5 39. Nxe3 Rxe3
40. Bxe3 Rxa3+ 41. Kb2 Rxe3 42. Rxf7 Rxf3 43. Kc2 Rf2+ 44. Kd3 Rf1 45. Rc7 Rd1+
46. Kc3 f5 47. Rxc6 f4 48. Rf6 Kg4 49. Kc4 f3 50. c6 Kg3 51. Kd5 f2 52. c7 Rc1
53. Kd6 Rc4 54. d5 Rf4 55. Rxf4 1-0

[Event "Oebro Nytaar 2016"]
[Site "Copenhagen"]
[Date "2016.12.30"]
[Round "6.2"]
[White "Nilssen, John Arni"]
[Black "Moe, Mogens"]
[Result "1-0"]
[WhiteElo "2311"]
[BlackElo "2151"]
[PlyCount "147"]
[EventDate "2016.12.??"]
[EventType "swiss"]
[EventRounds "7"]
[EventCountry "DEN"]
[WhiteClock "0:04:08"]
[BlackClock "0:17:34"]

1. d4 Nf6 2. c4 g6 3. f3 d5 4. cxd5 Nxd5 5. e4 Nb6 6. Nc3 Bg7 7. Be3 O-O 8. Qd2
Nc6 9. O-O-O f5 10. e5 Nb4 11. h4 Be6 12. h5 gxh5 13. Bh6 Rf7 14. Rxh5 Nxa2+
15. Nxa2 Bxa2 16. Nh3 Qd7 17. Qc2 Qe6 18. Bxg7 Bb3 19. Nf4 Bxc2 20. Nxe6 Bxd1
21. Bh6 Bb3 22. Rg5+ Kh8 23. Nc5 Bd5 24. e6 Bxe6 25. Nxe6 Rg8 26. Rxg8+ Kxg8
27. Bg5 h6 28. Bf4 Rf6 29. Nxc7 a6 30. d5 Rg6 31. g3 h5 32. Bd3 Rf6 33. Kd2 Nc8
34. Be5 Rf7 35. Ke3 Nd6 36. Ne6 Rh7 37. Bxd6 exd6 38. Bxf5 Rh6 39. Bh3 Rg6 40.
Kf4 Rf6+ 41. Bf5 Rf7 42. Kg5 b5 43. b4 a5 44. bxa5 Ra7 45. Kxh5 b4 46. Nd4 Rxa5
47. Kg6 Kf8 48. Be4 Ra3 49. Bc2 Rc3 50. Kf5 Kf7 51. g4 Rc4 52. Ke4 Kf6 53. f4
Kg6 54. Ba4 Rc3 55. g5 Ra3 56. Bb3 Ra1 57. Ne6 Rb1 58. Bc2 Rb2 59. Nd4 Ra2 60.
Ke3+ Kf7 61. f5 Ra3+ 62. Nb3 Ra7 63. Nd4 Ra3+ 64. Bb3 Ra1 65. Kd3 Rc1 66. Bc2
Rg1 67. Ne6 Rg3+ 68. Kd2 b3 69. Be4 Rg4 70. Bd3 Rg1 71. f6 b2 72. Nd8+ Kf8 73.
g6 b1=Q 74. Ne6+ 1-0

[Event "Oebro Nytaar 2016"]
[Site "Copenhagen"]
[Date "2016.12.30"]
[Round "6.3"]
[White "Lauridsen, Jesper Morch"]
[Black "Thuesen, Mogens Henrik"]
[Result "1-0"]
[WhiteElo "2247"]
[BlackElo "2212"]
[PlyCount "55"]
[EventDate "2016.12.??"]
[EventType "swiss"]
[EventRounds "7"]
[EventCountry "DEN"]
[WhiteClock "0:30:38"]
[BlackClock "0:11:14"]

1. e4 e6 2. d4 d5 3. Bd3 dxe4 4. Bxe4 c5 5. Ne2 Nf6 6. Bf3 cxd4 7. Nxd4 a6 8.
O-O Bd6 9. Bg5 Qc7 10. Bxf6 gxf6 11. g3 Nd7 12. Nc3 Ne5 13. Bg2 Bd7 14. Qe2 O-O
15. Rad1 f5 16. Rfe1 Rad8 17. Qd2 Rfe8 18. Nxf5 exf5 19. Nd5 Qb8 20. Nf6+ Kg7
21. Nxe8+ Rxe8 22. Qxd6 Nf3+ 23. Bxf3 Rxe1+ 24. Kg2 Qxd6 25. Rxd6 Bb5 26. Bxb7
Bf1+ 27. Kf3 Be2+ 28. Kf4 1-0